The Rhind mathematical papyrus : an ancient Egyptian text /
Guardado en:
| Autor Principal: | |
|---|---|
| Otros Autores: | |
| Formato: | Libro |
| Idioma: | English |
| Publicado: |
London :
British Museum Press,
c1987.
|
| Materias: | |
| Etiquetas: |
Agregar Etiqueta
Sin Etiquetas, Sea el primero en etiquetar este registro!
|
| LEADER | 00732pam a2200217 a 4500 | ||
|---|---|---|---|
| 001 | MAT.inmabb003676 | ||
| 008 | 900216s1987####enkaf####b####000#0#eng## | ||
| 005 | 20130218100901.0 | ||
| 245 | 1 | 4 | |a The Rhind mathematical papyrus : |b an ancient Egyptian text / |c Gay Robins & Charles Shute. |
| 260 | |a London : |b British Museum Press, |c c1987. | ||
| 300 | |a [60] p., 24 p. de láms. : |b il. (algunas col.) ; |c 25 cm. | ||
| 504 | |a Incluye referencias bibliográficas (p. [60]). | ||
| 510 | 4 | |a MR, |c 89a:01005 | |
| 020 | |a 0714109444 | ||
| 100 | 1 | |a Robins, Gay. | |
| 700 | 1 | |a Shute, Charles. | |
| 043 | |a f-ua--- | ||
| 630 | 0 | 0 | |a Rhind papyrus. |
| 650 | 0 | |a Mathematics, Egyptian. | |
| 084 | |a 01A16 |2 msc2000 | ||
| 859 | |h 01A16 |i R657 |p A-7406 |b BIB. MATEMATICA | ||
